Residual DDT in houses under indoor residual spray program (IRS). A case study of selected houses in solwezi, north-western province- Zambia (Record no. 84168)

MARC details
000 -LEADER
fixed length control field 00957 a2200265 4500
003 - CONTROL NUMBER IDENTIFIER
control field CBULib
005 - DATE AND TIME OF LATEST TRANSACTION
control field 20240130141325.0
008 - FIXED-LENGTH DATA ELEMENTS--GENERAL INFORMATION
fixed length control field 240119b |||||||| |||| 00| 0 eng d
040 ## - CATALOGING SOURCE
Original cataloging agency CBULib
Language of cataloging English
Transcribing agency CBULib
Description conventions rda
041 ## - LANGUAGE CODE
Language code of text/sound track or separate title eng
050 ## - LIBRARY OF CONGRESS CALL NUMBER
Classification number CBU-PG THESIS/CHI
100 ## - MAIN ENTRY--PERSONAL NAME
Personal name Chitembeni, Mike
9 (RLIN) 2389
245 ## - TITLE STATEMENT
Title Residual DDT in houses under indoor residual spray program (IRS). A case study of selected houses in solwezi, north-western province- Zambia
Statement of responsibility, etc / by Mike Chitembeni
260 ## - PUBLICATION, DISTRIBUTION, ETC. (IMPRINT)
Name of publisher, distributor, etc Copperbelt University,
Date of publication, distribution, etc 2022.
Place of publication, distribution, etc Kitwe :
300 ## - PHYSICAL DESCRIPTION
Extent xii, 59 pages : illustrations
336 ## - CONTENT TYPE
Source rdacontent
Content type term Text |
Content type code txt
337 ## - MEDIA TYPE
Source rdamedia
Media type term Unmediated |
Media type code n
338 ## - CARRIER TYPE
Source rdacarrier
Carrier type term Volume
Carrier type code nc
500 ## - GENERAL NOTE
General note includes bibliographical references and appendices
650 #0 - SUBJECT ADDED ENTRY--TOPICAL TERM
9 (RLIN) 2390
Topical term or geographic name as entry element DDT
650 #0 - SUBJECT ADDED ENTRY--TOPICAL TERM
9 (RLIN) 2391
Topical term or geographic name as entry element DDT INDOOR RESIDUAL SPRAYING
650 #0 - SUBJECT ADDED ENTRY--TOPICAL TERM
9 (RLIN) 2392
Topical term or geographic name as entry element RESIDUAL SPRAY PROGRAM (IRS)
650 #0 - SUBJECT ADDED ENTRY--TOPICAL TERM
9 (RLIN) 2393
Topical term or geographic name as entry element SOLWEZI DISTRICT
942 ## - ADDED ENTRY ELEMENTS (KOHA)
Source of classification or shelving scheme
Koha item type UNIVERSITY COLLECTION
Holdings
Withdrawn status Lost status Source of classification or shelving scheme Damaged status Not for loan Collection code Permanent Location Current Location Shelving location Date acquired Source of acquisition Total Checkouts Barcode Date last seen Copy number Uniform Resource Identifier Price effective from Koha item type
          Special Collections CBU-MAIN LIBRARY, KITWE. CBU-MAIN LIBRARY, KITWE. Special Collections 01/19/2024 DEP-CBU   CBU-PG THESIS/CHI 01/19/2024 B84168 1 01/19/2024 UNIVERSITY COLLECTION